| 000 | 00611nam a22001695i 4500 | ||
|---|---|---|---|
| 001 | 154698 | ||
| 003 | ES-MaACL | ||
| 005 | 20230906205824.0 | ||
| 008 | 040708s1896 fr a |||| | fre d | ||
| 040 |
_aCAM _bspa _cCAM |
||
| 100 | 1 |
_aGourmont, Rémy de ( _d1858-1916) _959362 |
|
| 245 | 1 | 3 |
_aLe pèlerin du silence / _cRemy de Gourmont ; orné d'un frontispice d'Armand Seguin. |
| 260 |
_aParis : _bSociété du Mercure de France, _c1896 ( _fImprimerie ve. Albouy) |
||
| 300 |
_a284 p. ; _c18 cm. |
||
| 700 | 1 |
_aSeguin, Armand. _9156843 |
|
| 852 |
_aES-MaACL _jD-1470 _z-- Enc. hol. conservando la cub. original |
||
| 999 |
_c154698 _d154698 |
||